| 000 | 00747nam a2200193 i 4500 | ||
|---|---|---|---|
| 001 | 189142 | ||
| 003 | ES-MaACL | ||
| 005 | 20251109135024.0 | ||
| 008 | 190408s1871 sp |||| | spa d | ||
| 080 | _a821.134.2-23"18" | ||
| 100 | 1 |
_aRetes, Francisco Luis de, _d1822-1901 _9131729 |
|
| 245 | 1 | 3 |
_aLa Beltraneja _b: drama en tres actos en verso / _coriginal de Francisco Luis de Retes y Francisco Pérez Echevarría. |
| 250 | _a2ª ed. | ||
| 260 |
_a[S.l.] : _b[s.n.], _c1871 ( _eMadrid : _fImp. de Gabriel Alhambra) |
||
| 300 |
_a87 p. ; _c21 cm. |
||
| 700 | 1 |
_aPérez Echevarría, Francisco, _d1842-1884 _9131463 |
|
| 852 |
_aES-MaACL _jD-703(6) _z.- Legado M. de la Fuente _z.- Enc. en un vol. facticio |
||
| 999 |
_c189142 _d189142 |
||